[Event "Skalica op-B"]
[Site "Skalica"]
[Date "2023.08.27"]
[Round "9"]
[White "Sahidi, Shabir"]
[Black "Kubis, Ivan"]
[Result "0-1"]
[WhiteElo "1634"]
[BlackElo "1823"]
[PlyCount "72"]
[EventDate "2023.08.19"]
[EventType "swiss"]
[EventRounds "9"]
[EventCountry "SVK"]
[SourceTitle "CBM 215 Extra"]
[Source "ChessBase"]
[SourceDate "2023.09.30"]
[SourceVersion "1"]
[SourceVersionDate "2023.09.30"]
[SourceQuality "1"]

1. d4 Nf6 2. c4 e6 3. Nf3 b6 4. Nc3 Bb4 5. a3 Bxc3+ 6. bxc3 Bb7 7. Bg5 h6 8. Bh4 d6 9. e3 Nbd7 10. Be2 0-0 11. 0-0 Re8 12. Nd2 e5 13. d5 Nc5 14. Bxf6 Qxf6 15. e4 Bc8 16. f3 Bd7 17. Qb1 Qf4 18. Qc1 f5 19. exf5 Bxf5 20. g3 Qe3+ 21. Rf2 Qg5 22. Nf1 Qg6 23. Qe3 e4 24. f4 Nd3 25. Rg2 Bh3 26. f5 Qf6 27. Bh5 Re5 28. Rc2 Rxf5 29. Be2 Rf8 30. Nd2 Nc5 31. Qd4 Rf2 32. Qxf6 R8xf6 33. Bf1 Bxf1 34. Rxf1 e3 35. Rxf2 Rxf2 36. Ra2 Rxd2 0-1

[Event "Skalica op-B"]
[Site "Skalica"]
[Date "2023.08.26"]
[Round "8"]
[White "Krakovsky, Peter1111"]
[Black "Sahidi, Shabir"]
[Result "1/2-1/2"]
[WhiteElo "1678"]
[BlackElo "1634"]
[PlyCount "76"]
[EventDate "2023.08.19"]
[EventType "swiss"]
[EventRounds "9"]
[EventCountry "SVK"]
[SourceTitle "CBM 215 Extra"]
[Source "ChessBase"]
[SourceDate "2023.09.30"]
[SourceVersion "1"]
[SourceVersionDate "2023.09.30"]
[SourceQuality "1"]

1. d4 d5 2. Nf3 Nf6 3. Bf4 e6 4. e3 c5 5. c3 Nc6 6. Bd3 cxd4 7. exd4 Bd6 8. Ne5 Bxe5 9. dxe5 Nd7 10. Qe2 Qc7 11. Bb5 a6 12. Bxc6 bxc6 13. Nd2 a5 14. b3 Nc5 15. 0-0 Ba6 16. c4 Qe7 17. Rfd1 Nd7 18. Qg4 f5 19. exf6 Nxf6 20. Qh3 0-0 21. Re1 Rfe8 22. Re5 Nd7 23. Rh5 g6 24. Rh4 e5 25. Re1 Qf7 26. Bg5 Nf8 27. Re3 Bc8 28. Qg3 e4 29. f3 exf3 30. Rxf3 Bf5 31. Qf2 Qa7 32. Be3 Qe7 33. Nf1 Nd7 34. Qg3 Bd3 35. Bg5 Qc5+ 36. Kh1 dxc4 37. bxc4 Bxf1 38. Rxf1 Rf8 1/2-1/2

[Event "Skalica op-B"]
[Site "Skalica"]
[Date "2023.08.25"]
[Round "7"]
[White "Sahidi, Shabir"]
[Black "Zemek, Antonin"]
[Result "1-0"]
[WhiteElo "1634"]
[BlackElo "1666"]
[PlyCount "89"]
[EventDate "2023.08.19"]
[EventType "swiss"]
[EventRounds "9"]
[EventCountry "SVK"]
[SourceTitle "CBM 215 Extra"]
[Source "ChessBase"]
[SourceDate "2023.09.30"]
[SourceVersion "1"]
[SourceVersionDate "2023.09.30"]
[SourceQuality "1"]

1. d4 e6 2. c4 f5 3. Nf3 Nf6 4. Nc3 g6 5. g3 Bg7 6. Bg2 0-0 7. 0-0 d6 8. Re1 h6 9. e4 g5 10. e5 Nh7 11. Qb3 Nc6 12. exd6 cxd6 13. d5 Na5 14. Qb4 Bxc3 15. Qxc3 exd5 16. cxd5 b6 17. b4 Nb7 18. Nd4 Rf7 19. Nc6 Qf8 20. Bb2 Nf6 21. Re2 Bd7 22. Rae1 Re8 23. Rxe8 Bxe8 24. Nxa7 Kg7 25. Nc6 Bd7 26. Qd4 Kg6 27. Qxb6 Bc8 28. Bxf6 Kxf6 29. a4 f4 30. Qd4+ Kg6 31. Be4+ Kh5 32. Qd3 Rg7 33. Qe2+ g4 34. a5 f3 35. Qe3 Nd8 36. Nxd8 Qxd8 37. Qd4 Rf7 38. Qd3 Kg5 39. a6 Qb6 40. b5 Rc7 41. Qd2+ Kh5 42. Qf4 Qa5 43. Rf1 Rg7 44. Qf6 Qc7 45. Qh4# 1-0

[Event "Piestany op-B"]
[Site "Piestany"]
[Date "2023.07.17"]
[Round "7"]
[White "Sahidi, Shabir"]
[Black "Gay, Lukas"]
[Result "1/2-1/2"]
[WhiteElo "1579"]
[BlackElo "1744"]
[PlyCount "39"]
[EventDate "2023.07.11"]
[EventType "swiss"]
[EventRounds "9"]
[EventCountry "SVK"]
[SourceTitle "EXT 2024"]
[Source "ChessBase"]
[SourceDate "2023.10.10"]
[SourceVersion "1"]
[SourceVersionDate "2023.10.10"]
[SourceQuality "1"]

1. d4 Nf6 2. Nf3 c5 3. g3 cxd4 4. Nxd4 e5 5. Nb3 d5 6. Bg2 Nc6 7. 0-0 Be6 8. Bg5 Qd7 9. Bxf6 gxf6 10. e4 d4 11. c3 Rd8 12. Re1 a5 13. N3d2 dxc3 14. bxc3 Bh6 15. Qc2 Qd3 16. Qxd3 Rxd3 17. Nb3 Bxb3 18. axb3 Bd2 19. Nxd2 Rxd2 20. Red1 1/2-1/2

[Event "Piestany op-B"]
[Site "Piestany"]
[Date "2023.07.13"]
[Round "3"]
[White "Sahidi, Shabir"]
[Black "Rakovsky, Jakub"]
[Result "0-1"]
[WhiteElo "1579"]
[BlackElo "2073"]
[PlyCount "110"]
[EventDate "2023.07.11"]
[EventType "swiss"]
[EventRounds "9"]
[EventCountry "SVK"]
[SourceTitle "EXT 2024"]
[Source "ChessBase"]
[SourceDate "2023.10.10"]
[SourceVersion "1"]
[SourceVersionDate "2023.10.10"]
[SourceQuality "1"]

1. d4 Nf6 2. Nf3 e6 3. g3 d5 4. Bg2 Be7 5. 0-0 0-0 6. Re1 b6 7. b3 Bb7 8. Bb2 Ne4 9. Nbd2 f5 10. e3 Nd7 11. a3 Rc8 12. Rc1 Bxa3 13. Rb1 Bb4 14. Ra1 a5 15. Ba3 Bxa3 16. Rxa3 c5 17. c4 Qe7 18. Ra1 Rc7 19. Bf1 Rfc8 20. Nxe4 fxe4 21. Nd2 cxd4 22. exd4 Qf6 23. Nb1 Rf8 24. Qd2 Nb8 25. Na3 Rcf7 26. Ra2 Nc6 27. Nb5 Nb4 28. Rb2 Ba6 29. Nc3 Rd7 30. Rd1 Bb7 31. Na4 Qd8 32. c5 bxc5 33. Nxc5 Re7 34. Ra1 Bc8 35. Bb5 e5 36. dxe5 Rxe5 37. Qd4 Re7 38. Rd2 Qb6 39. Bf1 Rd8 40. Re1 Nc6 41. Qc3 Ne5 42. Be2 Nc6 43. Na4 Qb4 44. Rc1 Qxc3 45. Rxc3 Ne5 46. Rc5 Ba6 47. Bd1 Nf3+ 48. Bxf3 exf3 49. h4 Re1+ 50. Kh2 d4 51. Rxa5 Re2 52. Rd1 Rxf2+ 53. Kh3 Bc8+ 54. g4 Rg2 55. Rg5 h5 0-1

[Event "Piestany op-B"]
[Site "Piestany"]
[Date "2023.07.12"]
[Round "2"]
[White "Celko, Tobias"]
[Black "Sahidi, Shabir"]
[Result "0-1"]
[WhiteElo "1000"]
[BlackElo "1579"]
[PlyCount "89"]
[EventDate "2023.07.11"]
[EventType "swiss"]
[EventRounds "9"]
[EventCountry "SVK"]
[SourceTitle "EXT 2024"]
[Source "ChessBase"]
[SourceDate "2023.10.10"]
[SourceVersion "1"]
[SourceVersionDate "2023.10.10"]
[SourceQuality "1"]

1. e4 e5 2. Nf3 Nc6 3. Bc4 Bc5 4. d3 d6 5. h3 Be6 6. Bb3 Nf6 7. Nc3 Nd4 8. Bg5 Nxb3 9. axb3 h6 10. Bd2 0-0 11. Na4 Bb6 12. Nxb6 axb6 13. 0-0 Qd7 14. Ra3 Rxa3 15. bxa3 b5 16. Re1 Qc6 17. Qc1 Ra8 18. Qb2 Qa6 19. Ra1 c5 20. c3 b4 21. c4 bxa3 22. Qa2 b5 23. Ne1 b4 24. Qc2 Nd7 25. f4 f6 26. f5 Bf7 27. g4 Kh7 28. Ng2 Nb8 29. Be3 Nc6 30. h4 Nd4 31. Bxd4 exd4 32. h5 Kg8 33. Nf4 Kf8 34. Ra2 Qa7 35. Qh2 Qe7 36. Qg2 Qa7 37. Qh2 Ke7 38. Qe2 Qd7 39. Nd5+ Bxd5 40. exd5+ Kd8 41. Qe6 Kc7 42. Re2 a2 43. Qxd7+ Kxd7 44. Re1 a1Q 45. Rxa1 0-1

[Event "SVK-chT1W 2223"]
[Site "Slovakia"]
[Date "2023.03.11"]
[Round "10.8"]
[White "Sahidi, Shabir"]
[Black "Lukacovic, Miroslav"]
[Result "1/2-1/2"]
[WhiteElo "1558"]
[BlackElo "1969"]
[PlyCount "160"]
[EventDate "2022.10.15"]
[EventType "team-tourn"]
[EventRounds "11"]
[EventCountry "SVK"]
[SourceTitle "EXT 2024"]
[Source "ChessBase"]
[SourceDate "2023.10.10"]
[SourceVersion "1"]
[SourceVersionDate "2023.10.10"]
[SourceQuality "1"]
[WhiteTeam "Bratislava KSN"]
[BlackTeam "Trnava Sered"]
[WhiteTeamCountry "SVK"]
[BlackTeamCountry "SVK"]

1. d4 d5 2. Nf3 Nf6 3. c4 c6 4. cxd5 cxd5 5. Nc3 Nc6 6. e3 Bg4 7. Be2 e6 8. Qb3 Rb8 9. 0-0 Bd6 10. Re1 0-0 11. h3 Bh5 12. Bd2 Ne4 13. Rad1 a6 14. Nxe4 dxe4 15. Nh2 Bg6 16. Bc3 Ne7 17. a3 Nd5 18. Bc4 Nf6 19. Bb4 b5 20. Be2 Nd5 21. Bxd6 Qxd6 22. Rc1 Rfc8 23. Rc2 Rc6 24. Rec1 Rbc8 25. Nf1 f5 26. Kh1 Bf7 27. Bd1 Nb6 28. Rxc6 Rxc6 29. Rxc6 Qxc6 30. Nd2 Nd5 31. Qc2 Qb7 32. Qc5 g5 33. Nb3 f4 34. Qd6 fxe3 35. Qd8+ Kg7 36. Qxg5+ Bg6 37. fxe3 Qc7 38. Nc5 Qd6 39. Kg1 h6 40. Qe5+ Qxe5 41. dxe5 Nxe3 42. Nxe6+ Kf7 43. Bb3 Ke7 44. Nc5 a5 45. Kf2 Nf5 46. Nxe4 Nd4 47. Nc5 Nxb3 48. Nxb3 Ke6 49. Nxa5 Kxe5 50. Ke3 Be4 51. g3 Bd5 52. g4 Bg2 53. h4 Bd5 54. h5 Be6 55. Kf3 Bd5+ 56. Ke3 Be6 57. Nc6+ Kd6 58. Nd4 Bxg4 59. Nxb5+ Kc5 60. Nd4 Bxh5 61. Nf5 Kc4 62. Kd2 Kb3 63. Kc1 Bg4 64. Nxh6 Be6 65. Kb1 Ka4 66. Kc2 Bb3+ 67. Kd2 Be6 68. Kc3 Ka5 69. Kd4 Ka4 70. Kc3 Ka5 71. b3 Kb5 72. Kb2 Kc5 73. Kc3 Kb5 74. Kc2 Kc5 75. Kb2 Kb5 76. Kc3 Kc5 77. a4 Kb6 78. Kb4 Ka6 79. Kc3 Ka5 80. Kb2 Kb4 1/2-1/2

[Event "Skalica op-B"]
[Site "Skalica"]
[Date "2022.08.28"]
[Round "9"]
[White "Sahidi, Shabir"]
[Black "Matusina, Miroslav"]
[Result "1-0"]
[WhiteElo "1533"]
[BlackElo "1597"]
[PlyCount "107"]
[EventDate "2022.08.20"]
[EventType "swiss"]
[EventRounds "9"]
[EventCountry "SVK"]
[SourceTitle "CBM 209 Extra"]
[Source "ChessBase"]
[SourceDate "2022.09.30"]
[SourceVersion "1"]
[SourceVersionDate "2022.09.30"]
[SourceQuality "1"]

1. d4 e6 2. Nf3 d5 3. Bf4 c5 4. e3 Nf6 5. c3 Qb6 6. Qc2 Bd7 7. Nbd2 Nc6 8. Ne5 cxd4 9. exd4 Rc8 10. Nxc6 Bxc6 11. Qb3 Qd8 12. Bd3 Bd6 13. Bg3 Qd7 14. Bxd6 Qxd6 15. Nf3 Qe7 16. Ne5 0-0 17. 0-0 Nd7 18. Nxd7 Qxd7 19. Qd1 Bb5 20. f4 Bxd3 21. Qxd3 Qc6 22. Rf3 Qc4 23. Qd1 Qb5 24. Rb1 Qa6 25. a3 Qd6 26. Qd3 Rce8 27. Rh3 g6 28. Qg3 f5 29. Qh4 Qe7 30. Qh6 Qg7 31. Qh4 Qe7 32. Qf2 Qd6 33. Re1 Qe7 34. Re5 Qf6 35. Qe2 Re7 36. Rhe3 Rfe8 37. Qb5 Rd8 38. Qc5 b6 39. Qc6 Rde8 40. Rxd5 Kf7 41. Rd7 Qh4 42. Rxe7+ Rxe7 43. Qf3 Rd7 44. Qc6 Re7 45. g3 Qf6 46. Kf2 g5 47. Qf3 gxf4 48. Qxf4 h6 49. Qf3 Qg5 50. h4 Qg4 51. Qxg4 fxg4 52. Re4 h5 53. Re5 Kg6 54. Ke2 1-0

[Event "Skalica op-B"]
[Site "Skalica"]
[Date "2022.08.22"]
[Round "3"]
[White "Haasova, Timea"]
[Black "Sahidi, Shabir"]
[Result "1/2-1/2"]
[WhiteElo "1821"]
[BlackElo "1533"]
[PlyCount "74"]
[EventDate "2022.08.20"]
[EventType "swiss"]
[EventRounds "9"]
[EventCountry "SVK"]
[SourceTitle "CBM 209 Extra"]
[Source "ChessBase"]
[SourceDate "2022.09.30"]
[SourceVersion "1"]
[SourceVersionDate "2022.09.30"]
[SourceQuality "1"]

1. d4 d5 2. Nf3 Nf6 3. e3 c6 4. Bd3 e6 5. Nbd2 Be7 6. 0-0 Nbd7 7. e4 dxe4 8. Nxe4 Nxe4 9. Bxe4 Nf6 10. Bd3 0-0 11. c3 b6 12. Ne5 Qc7 13. Re1 Bb7 14. Bf4 Bd6 15. Bg3 Rad8 16. Bh4 Be7 17. Re3 g6 18. Rh3 Nh5 19. Bxe7 Qxe7 20. Qg4 Ng7 21. Qf4 Nh5 22. Qh6 f5 23. Bc4 Rd6 24. Re1 c5 25. Be2 Qg7 26. Qxg7+ Nxg7 27. Nc4 Rd7 28. Ne5 Rd6 29. dxc5 bxc5 30. Bd1 Rfd8 31. Bb3 Bd5 32. Bxd5 Rxd5 33. Rhe3 Kf8 34. g3 Rd1 35. Nf3 Rxe1+ 36. Rxe1 Ke7 37. Ne5 Rd6 1/2-1/2

[Event "Skalica op-B"]
[Site "Skalica"]
[Date "2022.08.21"]
[Round "2"]
[White "Sahidi, Shabir"]
[Black "Babula, Matej"]
[Result "0-1"]
[WhiteElo "1533"]
[BlackElo "1748"]
[PlyCount "44"]
[EventDate "2022.08.20"]
[EventType "swiss"]
[EventRounds "9"]
[EventCountry "SVK"]
[SourceTitle "CBM 209 Extra"]
[Source "ChessBase"]
[SourceDate "2022.09.30"]
[SourceVersion "1"]
[SourceVersionDate "2022.09.30"]
[SourceQuality "1"]

1. d4 Nf6 2. Bf4 e6 3. e3 b6 4. c4 Bb7 5. Nc3 Bb4 6. a3 Bxc3+ 7. bxc3 0-0 8. Nf3 Ne4 9. Qc2 f5 10. h3 d6 11. Be2 Nd7 12. 0-0 Qe7 13. Rfd1 g5 14. Bh2 g4 15. hxg4 fxg4 16. Bd3 Nxf2 17. Qxf2 gxf3 18. d5 fxg2 19. Qxg2+ Kh8 20. Kh1 Rg8 21. Qe4 Nc5 22. Qf3 exd5 0-1

[Event "Piestany Augustus Cup"]
[Site "Piestany"]
[Date "2022.07.15"]
[Round "6"]
[White "Sahidi, Shabir"]
[Black "Bednar, Jan"]
[Result "1-0"]
[WhiteElo "1401"]
[BlackElo "2008"]
[PlyCount "117"]
[EventDate "2022.07.15"]
[EventType "swiss (rapid)"]
[EventRounds "7"]
[EventCountry "SVK"]
[SourceTitle "CBM 209 Extra"]
[Source "ChessBase"]
[SourceDate "2022.09.30"]
[SourceVersion "1"]
[SourceVersionDate "2022.09.30"]
[SourceQuality "1"]

1. d4 f5 2. Nf3 Nf6 3. Bf4 b6 4. e3 Bb7 5. Be2 e6 6. c4 d6 7. Nc3 Be7 8. Rc1 h6 9. 0-0 Nbd7 10. Re1 0-0 11. Qb3 Kh7 12. h3 Qe8 13. Nb5 Qd8 14. a3 g5 15. Bxg5 Bxf3 16. Bxf6 Bxe2 17. Bxe7 Qxe7 18. Rxe2 Nf6 19. Qd3 Rg8 20. Kh1 Rg6 21. Rg1 Rag8 22. Nc3 Nh5 23. d5 Qg7 24. g4 Qf6 25. f3 Qh4 26. Kh2 Nf6 27. Reg2 fxg4 28. fxg4 e5 29. Ne4 Nxe4 30. Qxe4 Kh8 31. Qf5 Rf6 32. Qh5 Qg5 33. Qxg5 hxg5 34. Re1 Rgf8 35. Ree2 Rf3 36. Rg3 Rf2+ 37. Rxf2 Rxf2+ 38. Rg2 Rf3 39. Re2 a5 40. Kg2 Rf6 41. Rf2 Kg7 42. Rxf6 Kxf6 43. e4 Kg6 44. Kg3 Kh6 45. h4 Kg6 46. a4 Kh6 47. hxg5+ Kxg5 48. b3 Kf6 49. Kh4 Kg6 50. g5 Kg7 51. Kh5 Kh7 52. g6+ Kg7 53. Kg5 Kg8 54. Kf6 Kf8 55. g7+ Kg8 56. Kg6 b5 57. Kf6 bxa4 58. bxa4 c5 59. dxc6 1-0

[Event "Piestany Slovakia op-B"]
[Site "Piestany"]
[Date "2022.07.14"]
[Round "5"]
[White "Sahidi, Shabir"]
[Black "Melih, Mario"]
[Result "1-0"]
[WhiteElo "1498"]
[BlackElo "1000"]
[PlyCount "103"]
[EventDate "2022.07.11"]
[EventType "swiss"]
[EventRounds "9"]
[EventCountry "SVK"]
[SourceTitle "CBM 209 Extra"]
[Source "ChessBase"]
[SourceDate "2022.09.30"]
[SourceVersion "1"]
[SourceVersionDate "2022.09.30"]
[SourceQuality "1"]

1. d4 d5 2. Nf3 Nf6 3. Bf4 Bf5 4. e3 e6 5. c4 c6 6. Qb3 Qb6 7. Be2 Be7 8. 0-0 0-0 9. Nc3 Nbd7 10. Rac1 Ne4 11. Nxe4 Bxe4 12. Ne5 Nxe5 13. Bxe5 Rfd8 14. Qxb6 axb6 15. a3 Rd7 16. Rfd1 dxc4 17. Bxc4 b5 18. Be2 b4 19. axb4 Bxb4 20. Ra1 Rdd8 21. f3 Bd5 22. Kf2 f6 23. Bc7 Rdc8 24. Bb6 Bb3 25. Rdc1 Bd6 26. Bd3 Kf7 27. Bc5 Bxc5 28. dxc5 e5 29. Rxa8 Rxa8 30. Bc4+ Bxc4 31. Rxc4 Rd8 32. Rb4 Rd7 33. Ke2 Ke6 34. e4 g6 35. Rb3 Ke7 36. Rd3 Rxd3 37. Kxd3 f5 38. Kc4 h5 39. h4 Ke6 40. b4 Kd7 41. b5 f4 42. Kb4 Kc8 43. Ka4 Kb8 44. Kb4 Kc8 45. Ka4 Kb8 46. Kb3 cxb5 47. Kb4 Kc8 48. Kxb5 Kc7 49. Kb4 Kd7 50. Kc3 Kc7 51. Kb3 Kd7 52. Kb4 1-0

[Event "Piestany Slovakia op-B"]
[Site "Piestany"]
[Date "2022.07.12"]
[Round "2"]
[White "Mandak, Miroslav"]
[Black "Sahidi, Shabir"]
[Result "1-0"]
[WhiteElo "1877"]
[BlackElo "1498"]
[PlyCount "103"]
[EventDate "2022.07.11"]
[EventType "swiss"]
[EventRounds "9"]
[EventCountry "SVK"]
[SourceTitle "CBM 209 Extra"]
[Source "ChessBase"]
[SourceDate "2022.09.30"]
[SourceVersion "1"]
[SourceVersionDate "2022.09.30"]
[SourceQuality "1"]

1. e4 e5 2. Nf3 Nc6 3. Bb5 Bc5 4. d3 d6 5. c3 Bd7 6. 0-0 h6 7. d4 exd4 8. cxd4 Bb6 9. Nc3 a6 10. Ba4 Nge7 11. Be3 0-0 12. d5 Bxe3 13. dxc6 Bxf2+ 14. Rxf2 Nxc6 15. a3 Re8 16. Bb3 Be6 17. Bc2 Qe7 18. Qd2 Rad8 19. Nd5 Bxd5 20. Qxd5 Ne5 21. h3 c6 22. Qd4 d5 23. Qxe5 Qxe5 24. Nxe5 Rxe5 25. Rd1 d4 26. b4 b6 27. Bd3 c5 28. Rc1 a5 29. bxa5 bxa5 30. Rb2 Rc8 31. Rb5 f5 32. exf5 Re3 33. Bc4+ Kf8 34. Be6 d3 35. Kf2 Re2+ 36. Kf1 Rc2 37. Rbb1 Rd8 38. Bb3 Re2 39. Rxc5 Rd4 40. Rc8+ Ke7 41. Rc4 Rd5 42. Rc7+ Kd6 43. Bxd5 Kxc7 44. Rd1 Re3 45. Kf2 Re5 46. Be6 g6 47. g4 Re2+ 48. Kf3 gxf5 49. Bxf5 Rh2 50. Kg3 Re2 51. Rxd3 Kc6 52. Kh4 1-0

[Event "SVK-ch U14 rapid"]
[Site "Nitra"]
[Date "2021.09.11"]
[Round "5"]
[White "Sahidi, Shabir"]
[Black "Papp, Gabor3333"]
[Result "1/2-1/2"]
[WhiteElo "1339"]
[BlackElo "1417"]
[PlyCount "195"]
[EventDate "2021.09.11"]
[EventType "swiss (rapid)"]
[EventRounds "7"]
[EventCountry "SVK"]
[SourceTitle "EXT 2023"]
[Source "ChessBase"]
[SourceDate "2022.10.05"]
[SourceVersion "1"]
[SourceVersionDate "2022.10.05"]
[SourceQuality "1"]

1. d4 Nf6 2. Nf3 d5 3. Bf4 Bf5 4. e3 e6 5. c4 Bd6 6. Bg3 Bxg3 7. hxg3 0-0 8. Be2 Nbd7 9. 0-0 Ne4 10. Nc3 Ndf6 11. Qb3 b6 12. Rac1 Rc8 13. Rfd1 c5 14. dxc5 dxc4 15. Bxc4 Qc7 16. Ba6 Rcd8 17. cxb6 Qxb6 18. Qxb6 axb6 19. Nd4 Rd7 20. Bb5 Nxc3 21. Rxc3 Rd5 22. Be2 Rfd8 23. Rdc1 h6 24. Rc6 Rb8 25. Rc8+ Rxc8 26. Rxc8+ Kh7 27. Rc6 Bb1 28. a3 Nd7 29. Bc4 Ra5 30. Rd6 Ra7 31. Bb5 Nc5 32. Rxb6 Na4 33. Bxa4 Rxa4 34. Rb7 e5 35. Ne2 Rc4 36. Nc3 f6 37. Nxb1 Rc1+ 38. Kh2 Rxb1 39. g4 Kg6 40. a4 Rf1 41. Kg3 f5 42. gxf5+ Kxf5 43. Rxg7 h5 44. Rh7 Rb1 45. Rb7 Rf1 46. Kf3 e4+ 47. Kg3 h4+ 48. Kxh4 Rxf2 49. Kg3 Re2 50. Rb5+ Ke6 51. Rb3 Kd5 52. a5 Kc4 53. Rc3+ Kb5 54. a6 Kxa6 55. Kf4 Rxb2 56. g4 Rg2 57. Rc4 Kb5 58. Rxe4 Kc5 59. Re8 Rf2+ 60. Kg5 Re2 61. Kg6 Rg2 62. g5 Kd5 63. e4+ Kd6 64. Kf6 Rf2+ 65. Kg7 Rg2 66. g6 Kd7 67. Rf8 Rg4 68. e5 Ke6 69. Re8+ Kf5 70. Rf8+ Ke6 71. Kh7 Ke7 72. Rf3 Rh4+ 73. Kg8 Rg4 74. g7 Rg6 75. Kh7 Rg1 76. g8Q Rh1+ 77. Kg7 Rg1+ 78. Kh7 Rh1+ 79. Kg6 Rg1+ 80. Kh7 Rh1+ 81. Kg6 Rg1+ 82. Kf5 Rxg8 83. Ke4 Rf8 84. Ra3 Rd8 85. Ra7+ Rd7 86. Ra6 Ke8 87. e6 Rb7 88. Ke5 Rb1 89. Ra5 Re1+ 90. Kd6 Rd1+ 91. Rd5 Rxd5+ 92. Kxd5 Ke7 93. Ke5 Ke8 94. Kd4 Ke7 95. Kd5 Ke8 96. Kd6 Kd8 97. e7+ Ke8 98. Ke6 1/2-1/2

[Event "Piestany Slovakia op"]
[Site "Piestany"]
[Date "2021.07.18"]
[Round "9"]
[White "Furman, Slavomir"]
[Black "Sahidi, Shabir"]
[Result "1/2-1/2"]
[WhiteElo "1720"]
[BlackElo "1159"]
[PlyCount "99"]
[EventDate "2021.07.10"]
[EventType "swiss"]
[EventRounds "9"]
[EventCountry "SVK"]
[SourceTitle "CBM 203 Extra"]
[Source "ChessBase"]
[SourceDate "2021.09.30"]
[SourceVersion "1"]
[SourceVersionDate "2021.09.30"]
[SourceQuality "1"]

1. d4 d5 2. c4 c6 3. Nf3 Nf6 4. e3 e6 5. Nbd2 Bd6 6. b3 0-0 7. Bb2 b6 8. Bd3 Nbd7 9. 0-0 Bb7 10. Ne5 Qc7 11. Ndf3 c5 12. cxd5 Bxd5 13. Rc1 Rac8 14. Re1 Bxe5 15. dxe5 Bxf3 16. gxf3 Nxe5 17. Bb1 Rfd8 18. Qe2 Rd2 19. Bxe5 Rxe2 20. Bxc7 Rxe1+ 21. Rxe1 Rxc7 22. Rd1 Rd7 23. Rxd7 Nxd7 24. Kf1 h6 25. Ke2 Kf8 26. f4 Ke7 27. Kd3 Nf6 28. h3 Kd6 29. Kc4 Kc6 30. a4 a6 31. e4 b5+ 32. axb5+ axb5+ 33. Kd3 Nd7 34. e5 Nb6 35. Ke4 Nd5 36. Bc2 c4 37. bxc4 bxc4 38. f5 Kc5 39. fxe6 fxe6 40. f4 Ne7 41. Ke3 Nf5+ 42. Bxf5 exf5 43. h4 g5 44. fxg5 hxg5 45. h5 f4+ 46. Kd2 f3 47. h6 c3+ 48. Kxc3 f2 49. h7 f1Q 50. h8Q 1/2-1/2

[Event "Piestany Slovakia op"]
[Site "Piestany"]
[Date "2021.07.12"]
[Round "3"]
[White "Sosovickova, Jana"]
[Black "Sahidi, Shabir"]
[Result "1-0"]
[WhiteElo "1843"]
[BlackElo "1159"]
[PlyCount "53"]
[EventDate "2021.07.10"]
[EventType "swiss"]
[EventRounds "9"]
[EventCountry "SVK"]
[SourceTitle "CBM 203 Extra"]
[Source "ChessBase"]
[SourceDate "2021.09.30"]
[SourceVersion "1"]
[SourceVersionDate "2021.09.30"]
[SourceQuality "1"]

1. e4 e5 2. Nf3 Nc6 3. Bc4 Bc5 4. c3 d6 5. d4 exd4 6. cxd4 Bb4+ 7. Nc3 Bg4 8. Be3 h6 9. 0-0 Bxc3 10. bxc3 Qf6 11. Be2 h5 12. h3 Bxf3 13. Bxf3 h4 14. e5 Qg6 15. Qa4 dxe5 16. d5 Nge7 17. dxc6 bxc6 18. Bc5 f5 19. Bxe7 Kxe7 20. Bxc6 Raf8 21. Rfe1 Qf6 22. Qb5 Kf7 23. Rxe5 Kg6 24. Bd7 Qg5 25. Rf1 Rf6 26. f4 Qg3 27. Rf3 1-0

[Event "SVK-ch U14"]
[Site "Stara Lubovna"]
[Date "2021.07.03"]
[Round "9"]
[White "Malaschitz, Teodor"]
[Black "Sahidi, Shabir"]
[Result "1/2-1/2"]
[WhiteElo "1387"]
[BlackElo "1159"]
[PlyCount "69"]
[EventDate "2021.06.26"]
[EventType "swiss"]
[EventRounds "9"]
[EventCountry "SVK"]
[SourceTitle "CBM 203 Extra"]
[Source "ChessBase"]
[SourceDate "2021.09.30"]
[SourceVersion "1"]
[SourceVersionDate "2021.09.30"]
[SourceQuality "1"]

1. e4 e5 2. Nf3 Nc6 3. Bc4 Bc5 4. 0-0 d6 5. h3 Nf6 6. Re1 Be6 7. Bxe6 fxe6 8. c3 0-0 9. d4 exd4 10. cxd4 Bb6 11. Nc3 Qd7 12. Be3 a6 13. a3 e5 14. dxe5 Bxe3 15. Rxe3 Nxe5 16. Nxe5 dxe5 17. Qxd7 Nxd7 18. Rd1 Nb6 19. b3 Kf7 20. Nd5 Nxd5 21. Rxd5 Rfe8 22. Red3 c6 23. Rd7+ Re7 24. g3 Rae8 25. Kg2 Rxd7 26. Rxd7+ Re7 27. Rd3 Re6 28. Re3 Rd6 29. f4 Kf6 30. f5 c5 31. g4 b5 32. Kf3 Rd2 33. Rc3 c4 34. h4 Ra2 35. bxc4 1/2-1/2

[Event "Skalica Schaeffler op"]
[Site "Skalica"]
[Date "2020.08.30"]
[Round "9"]
[White "Sahidi, Shabir"]
[Black "Kozusnik, Roman"]
[Result "0-1"]
[WhiteElo "1148"]
[BlackElo "1382"]
[PlyCount "78"]
[EventDate "2020.08.23"]
[EventType "swiss"]
[EventRounds "9"]
[EventCountry "SVK"]
[SourceTitle "CBM 198 Extra"]
[Source "ChessBase"]
[SourceDate "2020.11.30"]
[SourceVersion "1"]
[SourceVersionDate "2020.11.30"]
[SourceQuality "1"]

1. d4 d5 2. Nf3 Nf6 3. Bf4 e6 4. e3 c5 5. c4 cxd4 6. Nxd4 Bb4+ 7. Nc3 Qa5 8. Qb3 Ne4 9. Rc1 Nd7 10. a3 Bxc3+ 11. bxc3 e5 12. Bxe5 dxc4 13. Bxc4 Nxe5 14. Qb5+ Qxb5 15. Bxb5+ Bd7 16. Ke2 Bxb5+ 17. Nxb5 0-0 18. f3 Nc5 19. Rhd1 a6 20. Nd4 Nc4 21. Nc2 Rad8 22. Rxd8 Rxd8 23. Rd1 Rxd1 24. Kxd1 f5 25. Ke2 Kf7 26. h3 Kf6 27. g4 g6 28. Kf2 Nd3+ 29. Ke2 Nc1+ 30. Kf2 Na2 31. f4 Nxc3 32. g5+ Ke7 33. h4 a5 34. Kf3 a4 35. Kf2 Nb5 36. Ke2 Nbxa3 37. Nxa3 Nxa3 38. Kd3 b5 39. Kc3 Nc4 0-1

[Event "Skalica Schaeffler op"]
[Site "Skalica"]
[Date "2020.08.26"]
[Round "5"]
[White "Dubanova, Kristina"]
[Black "Sahidi, Shabir"]
[Result "0-1"]
[WhiteElo "1128"]
[BlackElo "1148"]
[PlyCount "90"]
[EventDate "2020.08.23"]
[EventType "swiss"]
[EventRounds "9"]
[EventCountry "SVK"]
[SourceTitle "CBM 198 Extra"]
[Source "ChessBase"]
[SourceDate "2020.11.30"]
[SourceVersion "1"]
[SourceVersionDate "2020.11.30"]
[SourceQuality "1"]

1. e4 e5 2. Nc3 Nc6 3. f4 f6 4. Nf3 Bc5 5. Bc4 d6 6. d3 Bg4 7. h3 Bd7 8. f5 Na5 9. Bb3 Nxb3 10. axb3 Ne7 11. Nh4 c6 12. Qh5+ Kf8 13. Qe2 d5 14. g4 h6 15. Nf3 Qb6 16. Qg2 Qc7 17. h4 g6 18. g5 fxg5 19. hxg5 Qd6 20. gxh6 Be8 21. Ng5 Bf7 22. Nf3 Ng8 23. Bd2 Ne7 24. Nh4 Ke8 25. Ke2 a6 26. Rh3 Kd7 27. Qf2 Bxf2 28. Kxf2 gxf5 29. exf5 Qf6 30. Rf3 Bh5 31. Rg3 Qxh4 32. Bg5 Qh2+ 33. Rg2 Qh3 34. f6 Bf3 35. Rg3 Qf5 36. Rxf3 Qxg5 37. fxe7 Kxe7 38. Rg1 Qxh6 39. Ne2 Raf8 40. Ng3 Rxf3+ 41. Kxf3 Rf8+ 42. Ke2 Qh2+ 43. Ke1 Qxg1+ 44. Ke2 Rf2+ 45. Ke3 Qxg3# 0-1